Alaskan klee kai

Bibliographic Details
Main Author: Drietomská, Lucia (Author)
Format: Article
Language:Slovak
PhysicalDescription:Fotogr.
ISSN:1335-9282
Subjects:
Online Access:www.dogsk.sk

MARC

LEADER 00000nab a2200000 a 4500
001 vtls010339105
003 SK-MaSNL
005 20260303093444.0
008 120202c201109 xo r p 000 00slo
015 |a SNBRB2012/02SVKPO 
038 |a SVKPOCL 
040 |a SVKPOCL  |b slo  |c SVKPOCL  |e AACR2 
041 |a slo 
044 |a xo  |c SK 
080 |a 636.75.082.1  |2 2001 
080 |a 636.082.1:636.75  |2 2001 
100 1 |a Drietomská, Lucia  |4 aut  |9 572011 
245 1 0 |a Alaskan klee kai  |c Lucia Drietomská 
300 |a Fotogr. 
650 0 7 |a kynológia  |2 svkpocl  |9 24771 
650 0 7 |a psy  |x neuznané plemeno alaskan klee kai  |2 svkpocl  |9 1104639 
650 0 7 |a alaskan klee kai  |x neuznané plemeno  |2 svkpocl  |9 1104640 
773 0 |t Kynologická revue  |g Roč. XXII, č. 9 (2011), s. 29-31  |x 1335-9282 
852 |a SVKPO  |b KIS3GCP 
856 4 1 |u www.dogsk.sk 
958 |a NB 
958 |a SK 
999 |c 1815693  |d 1817623